Whole life control

Bibliographic Details
Main Author: Ireland, Thomas R.
Format: Book
Published: Boston : Little, Brown and Co. , 1982
Subjects:

MARC

LEADER 00000cam a2200000 7i4500
001 0000000774
005 20050617.0
020 |a 0316425001 
040 |a INS 
090 0 0 |a BJ15812.   |b I68 1982 
100 1 |a Ireland, Thomas R. 
245 1 0 |a Whole life control   |c Thomas R. Ireland 
260 |a Boston :   |b Little, Brown and Co. ,   |c 1982 
300 |a 142p :   |b ill ;   |c 22cm. 
500 |a Bibliography p.141 
650 0 0 |a Conduct of life 
999 |a 0000001465   |b BOOK   |c Open Shelf   |e Default branch